|
|
|
|
| LEADER |
00000 a2200000 04500 |
| 001 |
18185 |
| 003 |
|
| 008 |
991231s d |
| 040 |
|
|
|
| 090 |
|
|
|a EXTRAVIADO
|
| 110 |
|
|
|a Costa Rica. Instituto de Tierras y Colonización
|
| 245 |
|
|
|a Reunión Interamericana de Ejecutivos de Reforma agraria; memoria /
|c Costa Rica. Instituto de Tierras y Colonización
|
| 250 |
|
|
|a 1
|
| 260 |
|
|
|a San José:
|b IICA
|
| 300 |
|
|
|a p. irreg.
|
| 650 |
|
|
|a EMPRESAS AGRICOLAS
|
| 650 |
|
|
|a PRODUCCION AGROPECUARIA
|
| 650 |
|
|
|a PAISES DESARROLLADOS
|
| 650 |
|
|
|a PAISES EN DESARROLLO
|
| 650 |
|
|
|a REFORMA AGRARIA
|
| 650 |
|
|
|a POBLACION RURAL
|
| 650 |
|
|
|a EDUCACION
|
| 650 |
|
|
|a MANO DE OBRA
|
| 650 |
|
|
|a POBLACION ACTIVA
|
| 650 |
|
|
|a DESARROLLO RURAL
|
| 710 |
|
|
|a Instituto Interamericano de Ciencias Agrícolas
|
| 999 |
|
|
|c 15202
|d 15202
|